000 00890nam a2200277 4500
003 OSt
005 20260530113856.0
008 260505b2012 tura|||| |||| 00| 0 tur d
020 _a9786055275044
040 _aICI
_bspa
_cICI
041 _atur
050 _aBH301.I4
_bI892 2012
111 _aIstanbul design biennial
_d(october 13 - december 12 2012)
_931774
245 1 0 _aMusibet = Musibet
264 1 _aEstambul :
_bIstanbul Foundation for Culture and Arts, 2012
_c2012
300 _a511 páginas ;
_bilustraciones ;
336 _atexto
_2rdacontent
337 _asin medio
_2rdamedia
338 _avolumen
_2rdacarrier
650 0 _aDesastres en la literatura
_931775
650 0 _aInfortunio en la literatura
_931776
650 0 _aCondición humana en la literatura
_931777
650 0 _aLiteratura contemporánea
_931778
650 0 _aNarrativa
_931779
942 _2lcc
_cBK
_n1
999 _c11635
_d11635